| 000 | 00564nam a2200157 4500 | ||
|---|---|---|---|
| 008 | 700.92 H889e | ||
| 020 | _a9789877787962 | ||
| 082 |
_a700.92 _bH889e |
||
| 100 |
_aHuffman, Carlos Manuel _97217 |
||
| 110 |
_aQualina, Florencia _97218 |
||
| 111 |
_aScolavino, Vanina _97219 |
||
| 245 | _aExtraño Gobernante para un Corazón | ||
| 260 |
_aBuenos Aires _bCarlos Manuel Huffman _bMecenazgo Cultural _c2018 |
||
| 300 |
_a232 p. _bil. (col) _c29 x 22 cm |
||
| 650 |
_xarte contemporáneo _xarte - biográfico _xarte - pintura _xarte - escultura _xarte - dibujo _xArgentina _97220 |
||
| 999 |
_c1864 _d1864 |
||